| 000 | 00756nam a22002292 4500 | ||
|---|---|---|---|
| 001 | 0000019735 | ||
| 005 | 20151217155902.0 | ||
| 008 | 110124s xx 000 0 eng d | ||
| 020 | _a9966940251 : | ||
| 040 |
_aKABU _cKABU |
||
| 100 | 1 |
_aKariuki, Josiah Mwangi. _@0000148737 |
|
| 245 | 1 | 0 |
_aMau Mau detainee / _cJosiah Mwangi Kariuki. |
| 250 | _a1st ed. | ||
| 260 |
_aNairobi : _bTransafrica Press, _c2009. |
||
| 300 | _axvi, 167 p. | ||
| 600 | 1 | 0 |
_aKariuki, Josiah Mwangi. _@0000148737 |
| 650 | 0 |
_aMau Mau Movement. _@0000148738 |
|
| 651 | 0 |
_aKenya _xHistory _xMau Mau emergency, 1952-1960 _xPersonal narratives, Kenya. _@0000179645 |
|
| 852 | 1 | _9p800 KES | |
| 908 | _a110124 | ||
| 950 | _@1 | ||
| 999 |
_c13721 _d13721 |
||